000 00529nam a2200193Ia 4500
005 20260120131607.0
008 008 260114s9999 xx 000 0 eng d
020 _a9780197555439
037 _aEBOOK
040 _aCRL
_beng
_cCRL
041 _aeng
_2eng
084 _qCRL
100 _aMuñoz-Moreno, Crawford
_9928867
245 0 _aHuman Migration
260 _bOxford University PressOxford University Press
_c2021
856 _uhttps://academic.oup.com/book/39252
942 _cEBOOK
999 _c1520786
_d1520786